Statistics for Wine Regions of Portugal

Click here to take the quiz!

General Stats

  • This quiz has been taken 22 times
  • The average score is 4 of 9

Answers on the Map

Answers color-coded by a green-red scale on the quiz's map according to % correct below.
 

Answer Stats

Answer% Correct
Alentejano
70%
Alentejo
70%
Bairrada
60%
Dão
50%
Douro
40%
Vinho Verde
40%
Douro Superior
30%
Baixa Corgo
20%
Cima Corgo
20%

Score Distribution

Percentile by Number Answered

Percent of People with Each Score

Your Score History

You have not taken this quiz